| 000 | 00786na a2200277 4500 | ||
|---|---|---|---|
| 001 | 12980 | ||
| 003 | MIRAKIL | ||
| 005 | 20181213154806.0 | ||
| 008 | 161005b tu 000 0 | ||
| 020 | _a9789751942951 | ||
| 035 | _a12980 | ||
| 040 |
_aMilas _btur _cTR-AnCHP |
||
| 041 | _atur | ||
| 082 |
_a297.104 _bA12ç 2009 |
||
| 090 | _a297.104 A12ç 2009 | ||
| 100 | _aAbak, Ayla | ||
| 245 |
_aÇevre bilinci _cAyla Abak |
||
| 260 |
_aAnkara _bDiyanet İşleri Başkanlığı _c2009 |
||
| 300 |
_a55 s. _bres. _c19 sm. |
||
| 440 |
_aDiyanet İşleri Başkanlığı yayınları _v724 |
||
| 490 |
_aCep Kitapları _v86 |
||
| 490 |
_aSorunlarımız ve Sorumluluklarımız serisi _v10 |
||
| 650 | _aSosyal dinbilim | ||
| 650 |
_aİslam dini _xÇevre bilinci |
||
| 942 |
_2ddc _cBKS |
||
| 999 |
_c918 _d918 |
||